书目信息 |
| 题名: |
公路养护企业安全生产标准化评价实施细则
|
|
| 作者: | 本书编写组编 | |
| 分册: | 2018 | |
| 出版信息: | 北京 人民交通出版社股份有限公司 2019.01 |
|
| 页数: | 172页 | |
| 开本: | 19x26cm | |
| 丛书名: | 交通运输企业安全生产标准化评价实施细则 | |
| 单 册: | ||
| 中图分类: | F542.6 | |
| 科图分类: | ||
| 主题词: | 公路养护--gong lu yang hu--交通运输企业--安全生产--标准化管理--中国 | |
| 电子资源: | ||
| ISBN: | 978-7-114-15265-8 | |
| 000 | 01053nam 2200241 450 | |
| 001 | 202019134245 | |
| 005 | 20191002113834.0 | |
| 010 | @a978-7-114-15265-8@dCNY35.00 | |
| 100 | @a20190928d2019 em y0chiy50 ea | |
| 101 | 0 | @achi |
| 102 | @aCN@b110000 | |
| 105 | @ak z 000yy | |
| 106 | @ar | |
| 200 | 1 | @a公路养护企业安全生产标准化评价实施细则@Agong lu yang hu qi ye an quan sheng chan biao zhun hua ping jia shi shi xi ze@h2018@f本书编写组编 |
| 210 | @a北京@c人民交通出版社股份有限公司@d2019.01 | |
| 215 | @a172页@d19x26cm | |
| 225 | 2 | @a交通运输企业安全生产标准化评价实施细则@Ajiao tong yun shu qi ye an quan sheng chan biao zhun hua ping jia shi shi xi ze |
| 330 | @a本书介绍了公路养护企业安全生产标准化评价办法, 内容包括公路养护企业安全生产标准化评价实施细则 ; 公路养护企业安全生产标准化评价扣分表等。 | |
| 410 | 0 | @12001 @a交通运输企业安全生产标准化评价实施细则 |
| 606 | 0 | @a公路养护@Agong lu yang hu@x交通运输企业@x安全生产@x标准化管理@y中国 |
| 690 | @aF542.6@v5 | |
| 801 | 0 | @aCN@c20190905 |
| 905 | @a河南城建学院图书馆@dF542.6@eG365 | |
| 公路养护企业安全生产标准化评价实施细则.2018/本书编写组编.-北京:人民交通出版社股份有限公司,2019.01 |
| 172页;19x26cm.-(交通运输企业安全生产标准化评价实施细则) |
| ISBN 978-7-114-15265-8:CNY35.00 |
| 本书介绍了公路养护企业安全生产标准化评价办法, 内容包括公路养护企业安全生产标准化评价实施细则 ; 公路养护企业安全生产标准化评价扣分表等。 |
| ● |
| 相关链接 |
|
|
|
正题名:公路养护企业安全生产标准化评价实施细则
索取号:F542.6/G365
 
预约/预借
| 序号 | 登录号 | 条形码 | 馆藏地/架位号 | 状态 | 备注 |
| 1 | 1442099 | 214420991 | 社科二线422/409社科库 38排2列2层/ [索取号:F542.6/G365] | 在馆 | |
| 2 | 1442100 | 214421008 | 社科二线422/409社科库 38排2列2层/ [索取号:F542.6/G365] | 在馆 |